| 000 | 00730nam a2200253Ia 4500 | ||
|---|---|---|---|
| 003 | OSt | ||
| 005 | 20220918174105.0 | ||
| 006 | a|||||r|||| 00| 0 | ||
| 007 | ta | ||
| 008 | 220917b |||||||| |||| 00| 0 eng d | ||
| 024 | _a10,366 | ||
| 037 | _cTextual | ||
| 040 |
_aARTS _cARTS _beng |
||
| 041 |
_2eng _aeng |
||
| 082 | _aQ7:4OaY15, 111n2 | ||
| 100 |
_aAshrf Ali Thanwi _949068 |
||
| 245 | 0 |
_aPerfecting women _b a partial translation of Bihishti Zewar by Barbara Daly Metcalf |
|
| 260 |
_aDelhi _bOUP _c1992 |
||
| 300 |
_a436p. _ccm. |
||
| 500 | _aGlossary 415-21p; Includes index | ||
| 650 | _aRELIGION | ||
| 942 |
_hQ7:4OaY15, 111n2 _cTEXL _2CC |
||
| 999 |
_c151738 _d151738 |
||